Transporting Compressed Digital Video /

Guardat en:
Dades bibliogràfiques
Autor principal: Chen, Xuemin (autor)
Format: Llibre
Idioma:anglès
Publicat: Boston, EUA : Kluwer, 2002, c2002
Col·lecció:(The Kluwer International Series in Engineering and Computer Science)
Matèries:
Etiquetes: Afegir etiqueta
Sense etiquetes, Sigues el primer a etiquetar aquest registre!

MARC

LEADER 00000nam^a2200000^a^4500
001 000154324
005 20250521000000.0
009 20260310100350.993
020 |a 1-4020-7011-X 
037 |a Acervo ITESO - Biblioteca 
041 |a ING 
082 |a 006. 42  |b CHE 
100 |a Chen, Xuemin  |e (autor) 
245 1 0 |a Transporting Compressed Digital Video /  |c X. Chen. 
264 4 |a Boston, EUA :  |b Kluwer,  |c 2002, c2002 
300 |a XII, 260 p. 
336 |a texto  |b txt  |2 rdacontenido 
337 |a sin mediación  |b n  |2 rdamedio 
338 |a volumen  |b nc  |2 rdasoporte 
440 5 |a (The Kluwer International Series in Engineering and Computer Science) 
649 |a XX 
650 |a Video -  |x Aspectos Tecnológicos 
650 |a Multimedia 
650 |a Compresión de Imágenes 
650 |a Manipulación de Imagen por Computadora 
650 |a Imagen 
650 |a Proceso Electrónico de Datos 
650 |a Telecomunicaciones 
650 |a Electrónica Digital 
650 |a Electrónica 
650 |a Ingeniería Computacional 
650 |a Ingeniería Electrónica 
910 |a Fondo General 
920 |a Impresos - Libros 
930 |a Colección General 
905 |a 101 
901 |a 0500085886  |b IT1  |c ACC  |u 20250521 
902 |a https://opac.biblio.iteso.mx/vufind/Record/000154324